| 000 | 00000cam 2200000za 4500 |
| 001 | 9.839525 |
| 003 | CaOODSP |
| 005 | 20251210074227 |
| 007 | cr ||||||||||| |
| 008 | 170712s2015 quc o f000 0 eng d |
| 040 | |aCaOODSP|beng |
| 043 | |an-cn--- |
| 086 | 1 |aP29-3-0-28-8-2015E-PDF |
| 245 | 00|aMethods of testing petroleum and associated products |h[electronic resource] : |bvisual haze rating of liquid fuels / |cprepared by Canadian General Standards Board ; approved by Standards Council of Canada. |
| 246 | 10|aVisual haze rating of liquid fuels |
| 250 | |a[August 2015 edition]. |
| 260 | |aGatineau : |bCanadian General Standards Board, |c2015. |
| 300 | |ai, 6 p. |
| 490 | 1 |aNational standard of Canada ; |vno. 3.0-28.8-2015 |
| 500 | |a"August 2015." |
| 500 | |a"Experience and excellence"--Cover. |
| 500 | |aSupersedes CAN/CGSB-3.0 No. 28-8-2007. |
| 500 | |aIssued also in French under title: Méthodes d'essai des produits pétroliers et produits connexes : évaluation visuelle de la turbidité des combustibles liquides. |
| 520 | |a"This test method describes two procedures for the visual haze rating or appearance of contamination of liquid fuels with an ASTM colour rating of 5 or less, and a cloud point below the reported temperature of the test."--Scope. |
| 692 | 07|2gccst|aPetroleum |
| 692 | 07|2gccst|aFuels |
| 692 | 07|2gccst|aStandards |
| 710 | 2 |aStandards Council of Canada. |
| 710 | 2 |aCanadian General Standards Board. |
| 775 | 08|tMéthodes d'essai des produits pétroliers et produits connexes |w(CaOODSP)9.839529 |
| 794 | |tMethods of testing petroleum and associated products : |b[October 2020 edition]|w(CaOODSP)9.892256 |
| 830 | #0|aNational standard of Canada ;|vno. 3.0-28.8-2015.|w(CaOODSP)9.507848 |
| 856 | 40|qPDF|s439 KB|uhttps://publications.gc.ca/collections/collection_2017/ongc-cgsb/P29-3-0-28-8-2015-eng.pdf |
| 986 | |aICS 19.100 |